|
|
|
|
| LEADER |
01152nam a2200337 4500 |
| 001 |
DLU120145128 |
| 005 |
##20121226 |
| 040 |
# |
# |
|a DLU
|b vie
|
| 041 |
# |
# |
|a vie
|
| 044 |
# |
# |
|a vn
|
| 100 |
# |
# |
|a Phan Van Cu.
|
| 245 |
# |
# |
|a Application of the principal component analysis to explore the relation between land use and solid waste generation in the Duy Tien district, Ha Nam province, Vietnam /
|c Phan Van Cu, Philippe Charrette, Dinh Thi Dieu, Phan Ngoc Hai, Le Quang Toan.
|
| 653 |
# |
# |
|a Economic activity
|
| 653 |
# |
# |
|a GIS
|
| 653 |
# |
# |
|a Land use change
|
| 653 |
# |
# |
|a Principal component analysis
|
| 653 |
# |
# |
|a Waste
|
| 700 |
# |
# |
|a Charrette, Philippe.
|
| 700 |
# |
# |
|a Dinh Thi Dieu.
|
| 700 |
# |
# |
|a Le Quang Toan.
|
| 700 |
# |
# |
|a Phan Ngoc Hai.
|
| 773 |
# |
# |
|t Tạp chí Khoa học Trái đất (Đại học Quốc gia Hà Nội)
|g Số 2(25), 2009, tr. 65-83
|
| 920 |
# |
# |
|a Phòng Tạp chí -- Trung tâm Thông tin - Thư viện Trường Đại học Đà Lạt
|
| 994 |
# |
# |
|a DLU
|
| 900 |
# |
# |
|a True
|
| 911 |
# |
# |
|a Nguyễn Thị Linh Chi
|
| 925 |
# |
# |
|a G
|
| 926 |
# |
# |
|a A
|
| 927 |
# |
# |
|a BB
|
| 980 |
# |
# |
|a Thư viện Trường Đại học Đà Lạt
|